<?xml version="1.0" encoding="UTF-8"?><?xml-stylesheet type="text/xsl" href="static/style.xsl"?><OAI-PMH xmlns="http://www.openarchives.org/OAI/2.0/" xmlns:xsi="http://www.w3.org/2001/XMLSchema-instance" xsi:schemaLocation="http://www.openarchives.org/OAI/2.0/ http://www.openarchives.org/OAI/2.0/OAI-PMH.xsd"><responseDate>2026-05-14T08:53:04Z</responseDate><request verb="GetRecord" identifier="oai:riubu.ubu.es:10259/11591" metadataPrefix="marc">https://riubu.ubu.es/oai/request</request><GetRecord><record><header><identifier>oai:riubu.ubu.es:10259/11591</identifier><datestamp>2026-05-13T10:31:04Z</datestamp><setSpec>com_10259_4145</setSpec><setSpec>com_10259_5086</setSpec><setSpec>com_10259_2604</setSpec><setSpec>com_10259_7877</setSpec><setSpec>col_10259_4146</setSpec><setSpec>col_10259_8289</setSpec></header><metadata><record xmlns="http://www.loc.gov/MARC21/slim" xmlns:doc="http://www.lyncode.com/xoai" xmlns:xsi="http://www.w3.org/2001/XMLSchema-instance" xmlns:dcterms="http://purl.org/dc/terms/" xsi:schemaLocation="http://www.loc.gov/MARC21/slim http://www.loc.gov/standards/marcxml/schema/MARC21slim.xsd">
<leader>00925njm 22002777a 4500</leader>
<datafield tag="042" ind1=" " ind2=" ">
<subfield code="a">dc</subfield>
</datafield>
<datafield tag="720" ind1=" " ind2=" ">
<subfield code="a">Quílez Cervero, César</subfield>
<subfield code="e">author</subfield>
</datafield>
<datafield tag="720" ind1=" " ind2=" ">
<subfield code="a">Toma, Radu Bogdan</subfield>
<subfield code="e">author</subfield>
</datafield>
<datafield tag="720" ind1=" " ind2=" ">
<subfield code="a">Queiruga Dios, Miguel Ángel</subfield>
<subfield code="e">author</subfield>
</datafield>
<datafield tag="260" ind1=" " ind2=" ">
<subfield code="c">2025-01</subfield>
</datafield>
<datafield tag="520" ind1=" " ind2=" ">
<subfield code="a">The current research evaluated the psychometric&#xd;
properties of a questionnaire measuring 1st and 2nd grad-&#xd;
ers’ attitudes toward school science (CASS). In Study 1,&#xd;
an exploratory factor analysis revealed a two-factor struc-&#xd;
ture, consisting of the ’enjoyableness’ and ’self-efficacy’&#xd;
dimensions of school science. This analysis also provided&#xd;
initial evidence of satisfactory internal consistency reli-&#xd;
ability. In Study 2, confirmatory factor analysis showed&#xd;
that the two-factor model provided a better fit than a uni-&#xd;
dimensional structure and further supported the internal&#xd;
consistency reliability of the instrument. Study 3 provided&#xd;
strong evidence for test–retest reliability. Study 4 offered&#xd;
promising evidence of construct validity by identifying a&#xd;
positive and significant relationship between the ’enjoya-&#xd;
bleness’ and ’perceived self-efficacy’ in school science and&#xd;
leisure interest in science-related activities. Finally, Study 5&#xd;
assessed the instrument’s responsiveness to an inquiry-based&#xd;
intervention, showing that it can effectively detect changes&#xd;
over time. Taken together, these findings suggest that the&#xd;
proposed instrument, CASS, yields scores with adequate&#xd;
validity and reliability, making it a reliable tool for assessing&#xd;
young students’ attitudes toward school science and evaluat-&#xd;
ing the effectiveness of educational interventions in the early&#xd;
elementary school years.</subfield>
</datafield>
<datafield tag="024" ind2=" " ind1="8">
<subfield code="a">0033-2968</subfield>
</datafield>
<datafield tag="024" ind2=" " ind1="8">
<subfield code="a">https://hdl.handle.net/10259/11591</subfield>
</datafield>
<datafield tag="024" ind2=" " ind1="8">
<subfield code="a">10.1007/s12646-025-00819-4</subfield>
</datafield>
<datafield tag="024" ind2=" " ind1="8">
<subfield code="a">0974-9861</subfield>
</datafield>
<datafield ind1=" " ind2=" " tag="653">
<subfield code="a">Attitudes toward science</subfield>
</datafield>
<datafield ind1=" " ind2=" " tag="653">
<subfield code="a">Elementary grades</subfield>
</datafield>
<datafield ind1=" " ind2=" " tag="653">
<subfield code="a">Children</subfield>
</datafield>
<datafield ind1=" " ind2=" " tag="653">
<subfield code="a">Self-efficacy</subfield>
</datafield>
<datafield ind1=" " ind2=" " tag="653">
<subfield code="a">Enjoyableness</subfield>
</datafield>
<datafield tag="245" ind1="0" ind2="0">
<subfield code="a">Spanish-Speaking Children’s Attitudes Toward School Science: Instrument Development and Psychometric Analysis</subfield>
</datafield>
</record></metadata></record></GetRecord></OAI-PMH>